000 00530nam a2200205Ia 4500
001 11668
003 GE_BSU
008 181216s||||||||xx |||||||||||||| ||und||
020 _a9787553364
040 _cGE_BSU
080 _a821.111-31
100 _aMaguire,Gregory.
245 _aWicked:The life and times of the Wicked Witch of the west.
260 _aLondon.
260 _bHeadline Review.
260 _c2006.
300 _a495p;20cm.
653 _aWicked:The life and times of the Wicked Witch of the west.
942 _cBK
999 _c44854
_d44854